• 首页
  • 本馆介绍
  • 公告通知
  • 最新文献
  • 馆藏检索
  • 电子资源
  • 读者导购
  • 参考咨询
  • 我的图书馆
  • 登录
  • 详细信息显示
  • 放入我的书架
  • 预约/预借图书
  • 作者相关作品
  • 分类相关作品
  • 丛书相关作品
  • 出版社相关作品

书目信息

  • 表格格式
  • 工作单格式
  • 卡片格式
题名:
豪放词
    
 
作者: 苏轼 , 辛弃疾 著
分册:  
出版信息: 沈阳   万卷出版公司  2008
页数: 17,266页
开本: 23cm
丛书名: 品读国学经典 家藏四库丛书
单 册:
中图分类: I222.842
科图分类:
主题词: 豪放派--词(文学)--中国--古代--选集 , 豪放派 , 词(文学)
电子资源:
ISBN: 978-7-80759-171-9
000 00848oam2 2200277 45
001 1133477984
005 20110414100353.15
010    @a978-7-80759-171-9@dCNY15.30
100    @a20110406e2008 em y0chiy0120 ea
101    @achi
102    @aCN@b210000
105    @aa z 000gd
106    @ar
200    @a豪放词@AHao Fang Ci@e插图本@ECha Tu Ben@f苏轼,辛弃疾等著@FSu Shi, Xin Qi Ji Deng Zhu
210    @a沈阳@c万卷出版公司@d2008
215    @a17,266页@c图@d23cm
225 2  @a品读国学经典 家藏四库丛书
461  0 @12001 @a品读国学经典 家藏四库丛书
606 0  @a豪放派@x词(文学)@y中国@z古代@j选集
606 0  @a豪放派
606 0  @a词(文学)
690    @aI222.842@v4
701  0 @a苏轼@ASu Shi@f(1037~1101)@4著
701  0 @a辛弃疾@AXin Qi Ji@f(1140~1207)@4著
801  0 @aCN@bTANGWEI@c20110414
905    @b0533528-32@dI222.842@e530@f5
    
    豪放词:插图本/苏轼,辛弃疾等著.-沈阳:万卷出版公司,2008
    17,266页:图;23cm.-(品读国学经典 家藏四库丛书)
    
    
    ISBN 978-7-80759-171-9:CNY15.30
    
●
相关链接 在E读中查询图书 在五车中查询图书 在当当中查询图书 在豆瓣中查询图书


正题名:豪放词     索取号:I222.842/530         预约/预借

序号 登录号 条形码 馆藏地/架位号 状态 备注
1 0533528   205335289   第一样本阅览室/ [索取号:I222.842/530] 在馆    
2 0533529   205335298   第二借阅区/ [索取号:I222.842/530] 在馆    
3 0533530   205335305   第二借阅区/ [索取号:I222.842/530] 在馆    
4 0533531   205335314   第二借阅区/ [索取号:I222.842/530] 在馆    
5 0533532   205335323   第二借阅区/ [索取号:I222.842/530] 在馆    
唐山师范学院图书馆 欢迎您!
大连网信软件有限公司© 版权所有